00946 2200325 4500001002100000005001500021035002000036007000300056008004100059020002200100040002200122082001200144084001400156090001800170090002200188100003000210245006300240250003500303300003700338500001100375650003900386850001200425504003300437264003200470336002100502337003000523338002300553999002200576990002200598INLIS00000000085951320210504113603 a0010-0521000094ta210504s2019 yoia g 1 ind d a978-623-209-909-8 aYOPDYOGbinderda04223a809 a809 SAM b aDEP 809 SAM b aCB-D.11 2019-38690 aSamsuddind1982-epenulis10aBuku ajar pembelajaran kritik sastra /cpenulis, Samsuddin aCetakan pertama: Agustus, 2019 ax, 180 halaman :btabel ;c20 cm aindeks 4aKesusastraan--xSejarah dan kritik aYOPDYOG aBibliografi: halaman 169-17131aSleman :bDeepublish,c2019 2rdacontentateks 2rdamediaatanpa perantara 2rdacarrieravolume aCB-D.11/2019-3869 aCB-D.11/2019-3869